Cuerpos que importan : (Record no. 209177)

MARC details
000 -CABECERA
campo de control de longitud fija 01062nam a2200301 a 4500
005 - FECHA Y HORA DE LA ÚLTIMA TRANSACCIÓN
campo de control 20240705063730.0
008 - DATOS DE LONGITUD FIJA--INFORMACIÓN GENERAL
campo de control de longitud fija 230220t2018 ag |||||rb||| 001 0 spa d
020 ## - NÚMERO INTERNACIONAL NORMALIZADO PARA LIBROS
Número Internacional Normalizado del libro 9789501297416
040 ## - FUENTE DE CATALOGACIÓN
Agencia de catalogación original MX-MxUPN
Idioma de catalogación spa
Agencia que realiza la transcripción MX-MxUPN
041 1# -
-- spa
-- eng
050 14 -
-- HQ1190
-- B88 2018
100 1# -
-- Butler, Judith,
-- 1956-
-- 32052
245 10 - MENCIÓN DE TÍTULO
Título Cuerpos que importan :
Parte restante del título sobre los límites materiales y discursivos del "sexo"
250 ## - MENCIÓN DE EDICIÓN
Mención de edición 1a edición.
260 ## - PUBLICACION, DISTRIBUCION, ETC. (PIE DE IMPRENTA)
Lugar de publicación, distribución, etc. Argentina :
Nombre del editor, distribuidor, etc. Paidós,
Fecha de publicación, distribución, etc. ©2018, (reimpresión de 2022)
300 ## - DESCRIPCIÓN FÍSICA
Extensión 345 páginas
504 ## -
-- Incluye referencias bibliográficas e índice.
500 ## - NOTA GENERAL
Nota general Traducción de: Bodies that matter. On the discursive limits of "sex".
650 #4 -
-- Teoría feminista
-- 7707
650 #4 -
-- Rol sexual
-- Filosofía
-- 48099
650 #4 -
-- Diferencias sexuales (Psicología)
-- 12814
650 #0 -
-- Orientación sexual
-- Filosofía
-- 48100
650 #4 -
-- Identidad (Psicología)
-- 6603
902 ## - ELEMENTOS DE DATOS B LOCAL, LDB (RLIN)
Creó MarisolLicea/200223
Modificó Víctor Ruiz/070323
942 ## - ELEMENTOS DE PUNTO DE ACCESO ADICIONAL (KOHA)
Fuente del sistema de clasificación o colocación Library of Congress Classification
Tipo de ítem Koha Libro
Holdings
Estado de retiro Estado de pérdida Fuente del sistema de clasificación o colocación Estado dañado No para préstamo Código de colección Localización permanente Ubicación/localización actual Ubicación en estantería Fecha de adquisición Total de préstamos Renovaciones totales Signatura topográfica completa Código de barras Fecha visto por última vez Fecha del último préstamo Precio válido a partir de Tipo de ítem Koha Nota pública Número de copia
    Library of Congress Classification     Colección General Bib. Gregorio Torres Quintero Bib. Gregorio Torres Quintero Planta baja 20/02/2023 4 1 HQ1190 B88 2018 336258 20/03/2025 06/03/2025 20/02/2023 Libro Bibliografía de la Unidad de Igualdad de Género e Inclusión  
    Library of Congress Classification     Colección General Bib. Gregorio Torres Quintero Bib. Gregorio Torres Quintero Planta baja 20/02/2023 5 1 HQ1190 B88 2018 336259 06/03/2025 04/03/2025 20/02/2023 Libro Bibliografía de la Unidad de Igualdad de Género e Inclusión Ej. 2